Introduction to project finance

Gespeichert in:
Bibliographische Detailangaben
1. Verfasser: Fight, Andrew
Format: Buch
Sprache:Englisch
Veröffentlicht: Oxford Elsevier Butterworth-Heinemann 2005
Schriftenreihe:Essential capital markets
Schlagworte:
Tags: Tag hinzufügen
Keine Tags, Fügen Sie das erste Tag hinzu!

MARC

LEADER 00000nam$a2200000$$$4500
001 0050408
005 20240312115757.1
020 |a 0-7506-5905-X 
020 |a 978-0-7506-5905-5 
041 0 |a eng 
044 |a GB 
245 1 0 |a Introduction to project finance  |c edited by Andrew Fight 
264 1 |a Oxford  |b Elsevier Butterworth-Heinemann  |c 2005 
300 |a viii, 205 s. 
490 1 |a Essential capital markets 
830 0 |a Essential capital markets 
610 2 0 |a financie 
610 2 0 |a projektovanie finančné 
610 2 0 |a projekty medzinárodné 
610 2 0 |a financie medzinárodné 
610 2 0 |a riziko finančné 
610 2 0 |a riziko 
100 1 |a Fight, Andrew